000 01153nam a2200265 a 4500
001 000005087
005 20250621074004.0
008 090729s1998 dr a 000 0 spa d
040 _aDO-SdBNP
_bspa
_cBNPHU
082 _a320.97293
_bS471r
111 2 _aSeminario la Reforma del Estado : alcance y estrategia
_d(1997 :
_cSanto Domingo, República)
_914607
245 1 3 _aLa reforma del Estado :
_balcance y estrategia.
260 _aSanto Domingo :
_bUniversitaria-UASD,
_c1998.
300 _a157 p. :
_bil. ;
_c21 cm.
490 1 _aPublicaciones de la Universidad Autónoma de Santo Domingo
_v879
490 1 _aUASD Reforma
_v01
500 _aIncluye referencias bibliográficas y notas al pie de las páginas
590 _aInventariado, 2018/LP
651 0 _aRepública Dominicana
_xPolítica y gobierno
_945
651 4 _aRepública Dominicana
_xAdministración Pública
_9657
651 4 _aRepública Dominicana
_xPolítica Económica
_9643
710 1 _aUniversidad Autónoma de Santo Domingo
_972951
830 0 _aPublicaciones de la Universidad Autónoma de Santo Domingo
_v879
_pUASD Reforma
_n01
_914608
910 _aValidado. Control de calidad MFF
999 _c4891
_d4891